000 00938nam a22002297a 4500
003 UA-OsUOA
001 49735
007 ta
008 20140121b un ||||| |||| 00| 0 ukr d
090 _a017
_bК29
942 _cBK
040 _aUA-OsUOA
_bukr
_cUA-OsUOA
_dUA-OsUOA
245 _aКаталог дореволюційних газет, що видавалися в Україні (1822-1916) (Фонди Центральної наукової бібліотеки Академії наук Української РСР)
300 _a183 с.
955 _a1
041 _aukr
080 _a017
260 _aЕдмонтон
_bКанадський інститут українських студій
_c1988
650 7 _a01 Бібліографія і бібліографії. Каталоги
_2UDC
999 _c429852
_d429852